[Event "VAM Hoogeveen op"]
[Site "Hoogeveen"]
[Date "1999.10.16"]
[Round "2"]
[White "Bosch, Jeroen"]
[Black "Gurevich, Mikhail"]
[Result "0-1"]
[WhiteElo "2433"]
[BlackElo "2643"]
[Annotator "Gurevich,M"]
[PlyCount "60"]
[EventDate "1999.10.15"]
[EventType "swiss"]
[EventRounds "9"]
[EventCountry "NED"]
[SourceTitle "EXT 2000"]
[Source "ChessBase"]
[SourceDate "1999.11.16"]
[SourceVersion "1"]
[SourceVersionDate "1999.11.16"]
[SourceQuality "1"]

1. e4 e6 2. d4 d5 3. e5 c5 4. c3 Nc6 5. Nf3 Bd7 6. Be2 Nge7 7. Na3 cxd4 8. cxd4
Nf5 9. Nc2 Qb6 10. O-O a5 11. h4 $5 {TN} (11. a4 Rc8 12. Bb5 Be7 13. g4 Nh4 14.
Nxh4 Bxh4 15. Be3 Be7 16. Kg2 O-O $132 {0-1 Walsh,C-Gurevich,M/Breda 1998/EXT
99 (27)}) (11. g4 {-56/286}) 11... Be7 12. g3 (12. h5 g6 $5 $132 {>>}) 12...
Nb4 $5 (12... O-O 13. h5 {/\14.g4|^>>}) 13. Na3 $6 (13. Nxb4 axb4 14. Bg5 (14.
Qd3 Ra5 {/\15...Bb5<=>}) 14... Bb5 15. Bxb5+ Qxb5 16. b3 (16. Bxe7 Nxe7 $13)
16... O-O 17. Qd2 $13) 13... Rc8 $5 14. Kg2 O-O 15. Bf4 $6 (15. g4 $5 Nxh4+ 16.
Nxh4 Bxh4 17. Rh1 (17. g5 Rxc1 18. Qxc1 (18. Rxc1 Bxg5 $17) 18... Qxd4 $17)
17... Be7 18. g5 $15 (18. Be3)) 15... f6 $5 $132 16. Qd2 (16. exf6 Bxf6 17. Ne5
(17. Be5 Bxe5 18. Nxe5 Be8 $17) 17... Be8 $17) 16... Be8 $1 $17 {[/\17...Bh5;
xd4]} 17. g4 fxe5 18. dxe5 Nxh4+ 19. Nxh4 Bxh4 20. Be3 (20. g5 Rd8 $5 {/\21...
d4,22...Bc6} (20... Bg6)) 20... Qd8 21. f4 Be7 (21... Bg6 $5 22. g5 Bf5 $17)
22. f5 Bc6 23. Kg1 Qd7 24. Bg5 (24. f6 gxf6 25. Bh6 fxe5 $19) 24... d4 (24...
Bc5+ 25. Kh2 exf5 26. gxf5 $17) 25. Bc4 Bd5 26. Bb5 Qc7 27. Bxe7 Qxe7 $17 28.
f6 $138 gxf6 29. exf6 Rxf6 $1 30. Qxd4 (30. Qg5+ Qg7 $1 31. Qxf6 Qxg4+ 32. Kf2
Rf8 $19) 30... Rh6 0-1

[Event "Biel"]
[Site "Biel"]
[Date "1995.??.??"]
[Round "7"]
[White "Campora, Daniel Hugo"]
[Black "Dreev, Alexey"]
[Result "0-1"]
[WhiteElo "2550"]
[BlackElo "2670"]
[Annotator "Hansen,Cu"]
[PlyCount "62"]
[EventDate "1995.07.??"]
[EventType "tourn"]
[EventRounds "13"]
[EventCountry "SUI"]
[EventCategory "15"]
[SourceTitle "CBM 049"]
[Source "ChessBase"]
[SourceDate "1995.12.01"]
[SourceVersion "1"]
[SourceVersionDate "1995.12.01"]
[SourceQuality "1"]

1. e4 {Hansen,LB} e6 2. d4 d5 3. e5 c5 4. c3 Nc6 5. Nf3 Bd7 6. Be2 Nge7 7. Na3
(7. O-O {Hansen,LB}) 7... cxd4 8. cxd4 Nf5 9. Nc2 Nb4 (9... Qb6 {Hansen,LB} 10.
O-O Rc8 (10... Na5 11. g4 Ne7 12. Nfe1 Bb5 13. Nd3 h5 14. gxh5 Nf5 15. Be3 Rc8
$13 {Sveshnikov,E-Kiriakov,P/Elista/1994/}) 11. Bd3 Nb4 12. Nxb4 Bxb4 13. a3
Be7 14. Bxf5 exf5 15. Bg5 Bxg5 16. Nxg5 O-O 17. Qd2 Rc4 18. Nf3 Rfc8 19. Rac1
Qc7 20. Rxc4 {1/2-1/2/Benjamin,J-Gulko,B/USA-ch/1994/}) (9... Qa5+ {Hansen,LB}
10. Bd2 Qb6 11. Bc3 Be7 12. Qd2 a5 13. O-O O-O 14. Kh1 $5 Kh8 $5 15. g4 Nh6 16.
Rg1 Ng8 17. g5 Bb4 $13 {Cifuentes Parada,R-Sokolov,I/NLD-ch/1994/}) 10. O-O (
10. Ne3 Nxe3 (10... Nh4 11. Nxh4 Qxh4 12. O-O Nc6 13. f4 Qd8 14. f5 Qb6 $132 {
Sax,Gy-Kindermann,S/Aruba (04) 1992 (37)}) (10... Rc8 11. O-O Qb6 12. Nxf5 exf5
13. Bd2 Be7 14. Qb3 Be6 $13 {Westerinen,H-Dreev,A/Helsinki op 1992/0-1 (81)})
11. fxe3 Rc8 (11... Be7 12. a3 {N} (12. O-O O-O 13. a3 (13. Bd2 Qb6 $2 (13...
a5 $1 $13) 14. a3 Nc6 15. b4 $1 $14 {Sax,Gy-Brenninkmeijer,J/Wijk 53/251 1992/
1/2-1/2 (49) |^<<}) 13... Nc6 14. Bd3 f5 15. exf6 Bxf6 16. Bd2 Qe8 17. Bc3 Ne7
18. Qb3 Bc6 $10 {Westerinen,H-Jelen,I/Debrecen EU-tch(6) SLO-FIN 1992 (29)})
12... Nc6 13. b4 a6 14. Rb1 Na7 15. a4 Nc6 16. Bd2 a5 17. b5 Nb4 18. O-O O-O
$10 {Spassky,B-Kortchnoi,V/Beograd (m/18) 24/216 1977 (41)}) 12. O-O Be7 13.
Bd2 Qb6 14. Rf2 O-O 15. Bxb4 Qxb4 $15 {Zhuravlev,V-Ragozin,E/Leningrad-chT
1989/1/2-1/2 (61)}) (10. Nxb4 Bxb4+ 11. Bd2 {N} (11. Kf1 $6 {N} Be7 12. Qb3 Bc6
13. Bd2 a5 $1 14. g3 a4 15. Qd3 Qb6 16. Bc3 O-O 17. Kg2 f6 $1 18. Rhe1 Be8 19.
exf6 Bxf6 20. Bf1 Bg6 $15 {Kholmov,R-Dizdar,G/Voskresensk 1990/1/2-1/2 (65)})
11... Qa5 (11... Bxd2+ 12. Qxd2 O-O {1/2-1/2 Zaitsev,I-Gleizerov,E/Voskresensk
1993 1/2-1/2/Zaitsev,I-Gleizerov,E/Voskresensk/1993/} (12... Qb6 {Hansen,LB}
13. O-O Bb5 14. Bxb5+ Qxb5 15. Rfc1 $14 {Zaitsev,I-Zlochevskij,A/Moscow/1994/})
) 12. a3 (12. Bxb4 {- 41/306}) (12. Bxb4 Qxb4+ 13. Qd2 Qxd2+ (13... a5 $5 14.
a3 (14. Qxb4 axb4 15. Kd2 Ne7 16. Rhc1 Nc6 {Peng Xiaomin-Dreev,A/Luzern/1993/}
17. Bb5 Na5 18. Be2 Ke7 19. b3 Ra7 $15 {Peng Xiaomin-Dreev,A/Luzern WchT 
(CHN-RUS) (02) 1993/1/2-1/2 (53)}) 14... Qb6 $1 15. O-O O-O 16. Rfc1 (16. g4 $5
) 16... Rfc8 17. Bd3 Ne7 18. Rxc8+ Rxc8 19. Rc1 Rxc1+ 20. Qxc1 h6 $15 {
Friedman,A-Dreev,A/New York op (02) 1991/0-1 (49)}) 14. Kxd2 Ne7 15. Rhc1 (15.
Ne1 Rc8 16. Bd3 Nc6 17. Ke3 Ke7 18. Rc1 f5 19. Nf3 Nb4 20. Bb1 Rxc1 21. Rxc1
Rc8 22. Rxc8 Bxc8 {1/2-1/2 Gallinnis,N-Sieglen,J/BL 8788 Bochum-Sindelfingen 
[7] 1987}) (15. Rac1 Nc6 16. Ke3 (16. b4 a6 17. a3 f6 {1/2-1/2 Blasek,R-Zueger,
B/Gelsenkirchen 1991}) 16... f6 17. h4 Ke7 18. Bd3 h6 19. h5 Rhc8 20. g4 Nb4
21. Bb1 Rxc1 22. Rxc1 $14 {Stein,B-Goetz,R/BL 8990 Dortmund-Munich 36 [4] 1990
(32)}) 15... f6 16. Rc5 Kd8 17. Bd3 Rc8 18. Rac1 Rxc5 19. Rxc5 Be8 20. Ne1 Nc6
$15 {Sieiro Gonzalez,L-Gurevich,M/La Habana 41/306 1986 (36)}) 12... Bxd2+ 13.
Qxd2 Qxd2+ 14. Kxd2 f6 15. Rac1 Ne7 16. b4 Kd8 (16... Nc6 17. b5 $5 Na5 18. Kc3
a6 19. a4 $14 {/\ Kb4}) 17. Bd3 Rc8 18. Rxc8+ Nxc8 (18... Kxc8) 19. g4 {
Anand,V-Gurevich,M/Manila izt 49/307 1990 (38)} Nb6 $1 20. b5 Ke7 21. Rc1 $5)
10... Nxc2 11. Qxc2 Qb6 (11... h5 $5 12. Bd2 (12. Qb3) (12. Bd3) 12... Be7 13.
Bd3 (13. Qb3 $2 g5 $1 $36) 13... Qb6 (13... g5 {>=} 14. Bxf5 exf5 15. Qb3 $13)
14. Bxf5 Rc8 $1 (14... exf5 15. Bg5 $1 Bxg5 16. Nxg5 Qxd4 (16... O-O 17. Qd2
$16) 17. Rfd1 (17. Rac1 Qa4 $1 18. b3 Qc6 $13) 17... Qh4 (17... Qc4 18. Qxc4
dxc4 19. Nxf7 $1 Kxf7 20. Rxd7+ Ke6 21. Rad1 $16) (17... Qb6 18. Rxd5 Be6 19.
Rd6 $16) 18. Qd2 $1 $44 {~/= Sveshnikov,E-Dreev,A/St.Petersburg (zt) 56/(285)
1993}) 15. Qb3 exf5 16. Qxd5 (16. Qxb6 $5 axb6 17. Rfc1 $10) 16... Be6 $44 {
Yagupov,I-Dreev,A/Rostov na Donu (op) 57/271 1993/1/2-1/2 (63)}) 12. Qd3 (12.
Rd1 Rc8 13. Qd2 Be7 14. a3 Ba4 15. Re1 O-O 16. Bd3 Kh8 17. Bxf5 exf5 $15 {
Mueller,S-Schaller,S/Dresden op 1992 (25)}) 12... Rc8 (12... h6 13. Bd2 Bb4 14.
Bxb4 Qxb4 15. a3 Qb6 16. Rac1 O-O 17. b4 Rfc8 18. Rc5 Qd8 19. Rfc1 b6 $15 {
Seret,JL-Vaisman,V/FRA-ch 1989/0-1 (51)}) (12... Be7 13. a4 (13. g4 Nh4 14.
Nxh4 Bxh4 15. f4 h6 16. Be3 Be7 17. f5 O-O-O $10 {Sveshnikov,E-Foisor,O/Oviedo
25' (03) 1993}) 13... O-O 14. a5 Qc7 15. Bd2 a6 16. Rfc1 Bc6 17. Qb3 $14 {
Sveshnikov,E-Nikolaev,S/Sibenik 52/(252) 1990}) (12... a6 13. Bd2 h5 $6 (13...
Be7 {>= Sveshnikov,E}) 14. a4 a5 15. Rfd1 Be7 16. h3 Rc8 17. Bc3 $1 h4 18. Qd2
$16 {Sveshnikov,E-Zlotnik,B/Moscow (op) 52/(252) 1991}) (12... h5 13. Bd2 Be7
14. a4 a5 15. Bc3 {Savko,A-Stavrinov,A/LAT-ch Riga 1993/1-0 (53)} g5 $5 $132) (
12... a6 {- 52/(252)}) (12... Be7 {- 52/(252)}) 13. Rd1 {>< Rd1} (13. Bd2 Bb4
$1 {Filipenko,A} (13... Be7 $6 14. g4 $1 $16) 14. Bf4 $6 (14. Bxb4 {>=} Qxb4
15. a3 Qb6) 14... a6 $1 15. a4 (15. Qb3 Ba5 $1) 15... Ne7 $5 (15... O-O $5) 16.
h4 Ba5 17. Rfc1 Rxc1+ 18. Bxc1 h6 {1/2-1/2 Sveshnikov,E-Dreev,A/Rostov na Donu
(op) 57/(271) 1993} (18... h6 19. b3 O-O 20. Bb2 $10)) (13. a4 $5 {N} Bb4 14.
h4 h6 $5 (14... Ne7 $6 15. Qe3 $140 $1 $16 Nf5 16. Qf4 Be7 17. g4 Nxh4 18. Nxh4
Bxh4 19. g5 $18) 15. h5 Ne7 16. Nd2 (16. Qe3 Nf5 17. Qf4 Be7 $1 {/\} 18. g4 Nh4
19. Nd2 Bg5 20. Qg3 Qxd4) 16... O-O 17. Nb3 f5 $8 (17... Nc6 $2 18. Qg3 Kh8 19.
Bxh6 gxh6 20. Qf4 Ne7 21. Qxh6+ Kg8 22. g4 $1 {/\ Bd3+-}) (17... f6 $6 18. Bf4
$140 $5 $16 fxe5 19. Bxe5 Nc6 20. Bxg7 $1 $18) 18. a5 Qd8 {Sveshnikov,
E-Rublevsky,S/Elista/1994/} 19. Bd2 $14 {Sveshnikov,E-Rublevsky,S/RUS ch 61/
271 1994 (42)}) (13. Bd2 {- 57/(271)}) (13. g4 $5 {Hansen,LB} Ne7 $13) 13... h6
{[%csl Rd4][%cal Yg7g5,Yg5g4] /\g7-g5-g4 ><d4} 14. h4 (14. g4 {Hansen,LB} Ne7
$13) (14. Bd2 {Hansen,LB} Be7 15. g4 Nh4 $13) 14... a6 {[%cal Yd7b5,Ya6f1] /
\15. - Bb5 16.Qb3 Qc6 /^a6-e2, <->c} 15. a4 Bb4 $15 16. h5 Ne7 $1 {[%csl Rb3,
Rc4][%cal Ye7c6,Yc6a5] /\Nc6-a5 ><c4, ><b3} 17. Qe3 Nc6 18. Bd3 Na5 19. Bb1 Be7
{[%csl Ra4][%cal Ya5b3] /\Nb3, קa4} 20. Ra2 Nb3 $17 21. Bd2 Nxd2 22. Nxd2 Qb4
23. a5 $6 (23. b3 Rc3 24. Bd3 $17) 23... Ba4 24. b3 Bb5 {>< c3} 25. f4 Rc3 26.
Qf2 Kd7 $1 $19 27. f5 Rhc8 28. f6 gxf6 29. exf6 Bd6 {[%cal Yc8g8,Yc3g3] /\Rg8
+ Rcg3} 30. Nf3 Rc1 31. Rad2 (31. Qd2 {Hansen,LB} Qc3 $19) 31... Qxb3 0-1

[Event "Interzonal-16"]
[Site "Biel"]
[Date "1993.??.??"]
[Round "12"]
[White "Sveshnikov, Evgeny"]
[Black "Portisch, Lajos"]
[Result "1/2-1/2"]
[WhiteElo "2570"]
[BlackElo "2585"]
[Annotator "Hansen,Cu"]
[PlyCount "121"]
[EventDate "1993.07.16"]
[EventType "swiss"]
[EventRounds "13"]
[EventCountry "SUI"]
[SourceTitle "CBM 037"]
[Source "ChessBase"]
[SourceDate "1993.12.01"]
[SourceVersion "1"]
[SourceVersionDate "1993.12.01"]
[SourceQuality "1"]

1. e4 c5 2. c3 e6 3. d4 d5 4. e5 Nc6 5. Nf3 Qb6 6. Be2 cxd4 7. cxd4 Nh6 (7...
Nge7 8. Na3 Nf5 9. Nc2) 8. b3 Nf5 9. Bb2 Bb4+ (9... Be7 10. O-O O-O (10... Bd7
11. g4 (11. Kh1 Rc8 12. Nc3 a6 13. Na4 Qa7 $10 {Kurajica,B-Vukic,M/Borovo/1980/
}) 11... Nh4 12. Nxh4 Bxh4 13. Na3 O-O (13... f6 14. exf6 Bxf6 15. Nc2 O-O $15
{Atlas,V-Jurkovic,A/Genf op/1991/}) 14. f4 f6 $15 {Kupreichik,V-Hertneck,G/
Debrecen/1992/}) 11. Kh1 (11. Bd3 Kh8 12. Re1 Bd7 13. Nc3 Ncxd4 14. Nxd4 Nxd4
15. Qg4 $44 {Kupreichik,V-Thesing,M/Berlin Summer op/1992/}) 11... f6 12. g4
Nh6 13. exf6 Rxf6 14. g5 Rxf3 15. Bxf3 Bxg5 $13 {Zhuravliov-Korsunsky/USSR/
1978/}) (9... Bd7 10. Kf1 (10. g4 Nfe7 11. Nc3 Ng6 12. Qd2 f6 13. Na4 Bb4 14.
Nxb6 Bxd2+ 15. Kxd2 axb6 16. exf6 gxf6 17. h4 $14 {Judasin,L-Illescas,M/Leon/
1993/}) 10... h5 11. h4 Be7 12. Nc3 a6 13. Na4 Qa7 14. Rc1 $14 {Tatai,S-Hort,V/
Las Palmas/1975/}) 10. Kf1 Be7 (10... h5 11. h4 (11. Nc3 {0,5/Pacl,V-Kratky/
CSR-chT/1992/}) (11. g3 Bd7 12. h4 f6 13. a3 Be7 14. Bc3 fxe5 15. dxe5 Bc5 $15
{Pacl,V-Vavra,P/CSR-chT/1992/}) 11... Bd7 12. Nc3 a6 13. Na4 Qa7 14. Rc1 Rc8
15. a3 Be7 16. b4 $14 {Aitken,J-Christoffel,M/Hastings/1945/}) (10... O-O 11.
Nc3 f6 12. Rc1 (12. Na4 Qd8 13. h4 fxe5 14. dxe5 Be7 15. Bd3 $14 {Galdunts,
S-Naroditsky,E/Moscow4/1991/}) 12... fxe5 13. dxe5 Bd7 14. Na4 Qd8 15. a3 Be7
16. g3 d4 17. Kg2 Qa5 18. Re1 Nxe5 19. Nxe5 Qxe5 20. Bf3 Qf6 21. Nc5 (21. Rc7
Rad8 22. Rxb7 Bd6 23. Rxa7 $2 Nh4+ 24. gxh4 Bc6 $19 {Castro,O-Pazos,P/Medellin/
1987/}) 21... Bxc5 22. Rxc5 $44 {Castro,O-Arencibia,W/Medellin/1987/}) (10...
Bd7 11. g4 Nh6 12. Rg1 f6 13. a3 Be7 14. exf6 gxf6 15. h3 Nf7 16. Nc3 h5 $10 {
Zhuravlev,V-Ambarcumjan,A/URS-chT Podolsk/1990/}) 11. Nc3 (11. g4 Nh4 12. Nbd2
Ng6 $15 {Fletzer-Ivkov,B/Venezia/1966/}) (11. h4 Bd7 12. Nc3 Ncxd4 13. Nxd5
exd5 14. Nxd4 Bc5 (14... Nxd4 15. Bxd4 Bc5 16. Bxc5 Qxc5 17. Rc1 Qa5 $10 {
Kosten,A-Lputian,S/Altensteig/1989/}) 15. Nxf5 Bxf5 16. Qxd5 O-O $15 {Rosen,
W-Schmidt,B/2.BLW/1991/}) 11... Qd8 (11... Ncxd4 $4 12. Na4 $18) (11... O-O 12.
Na4 Qa5 13. Bc3 Qd8 14. g3 f6 15. g4 Nh6 16. h3 fxe5 17. dxe5 a6 $15 {Zvara,
P-Rajnak,D/Praha ch-CS/1992/}) 12. g3 f6 13. Kg2 (13. exf6 Bxf6 $10) 13... fxe5
14. dxe5 O-O 15. Rc1 Bd7 16. Bd3 Qe8 (16... Be8 17. Ne2 $14 {/\Ned4/Nf4 ><e6})
17. Ne2 Qf7 {/\Ne3+} 18. Rf1 Rad8 19. a3 {/\b3-b4-b5 + Ned4} g5 20. h3 Be8 {
/\Qg7,Bg6} 21. b4 a6 22. Qd2 h6 (22... Qg7 23. Bxf5 Rxf5 (23... exf5 24. Nfd4
$16) 24. Nfd4 $16) 23. Rce1 d4 24. Be4 (24. g4 $5 Nh4+ (24... Ng7 25. Nexd4
Nxd4 26. Nxd4 Rxd4 27. Bxd4 Qf3+ 28. Kh2 Bc6 29. Rg1 $16) 25. Nxh4 Nxe5 (25...
gxh4 26. f4 $16) 26. Nxd4 Nxd3 27. Qxd3 gxh4 28. Qe4 Bf6 $13) 24... d3 25. Nc1
(25. Bxd3 $2 Nxb4 26. axb4 Bc6 {/\Nh4+} 27. Neg1 Bb5 $17) 25... Nfd4 26. Re3 (
26. Nxd4 Nxd4 27. Nxd3 Nf3 $17) 26... a5 27. Nxd4 Nxd4 28. Rxd3 $16 Nf5 29.
Rxd8 Bxd8 30. Bd4 (30. Ne2 $6 Bb6 {/\Ne3+}) (30. Nd3 $5 Bb5 31. Rc1 Bb6 (31...
Bxd3 $6 32. Qxd3 (32. Bxd3 Nxg3 33. fxg3 Qf3+ 34. Kh2 Qf2+ 35. Qxf2 Rxf2+ 36.
Kg1 Bb6 (36... Rxb2 37. Rc8 $18) 37. Rc8+ (37. bxa5 Be3 $13) 37... Kg7 (37...
Rf8+ 38. Rc5 $16) 38. Rc7+ Kg8 (38... Rf7+ 39. Rc5) 39. Rxb7 Be3 40. Bc1 $16)
32... Nh4+ 33. Kh1 Qxf2 34. Bd4 $16) 32. Nc5 $16) (30. Qxd8 $4 Ne3+ $19) 30...
Bb5 31. Re1 Bc7 {/\32..Nxd4 33.Qxd4 Bxe5} 32. Bc5 Rd8 33. Qc3 b6 34. Be3 axb4
35. Qxb4 (35. axb4 $5 Nxe3+ (35... Qd7 {פc1} 36. Nb3 $16) 36. Rxe3 Rd1 37. Nd3
$16) 35... Qd7 $44 {/\Bc6//\36..Nxe3 37.Rxe3 Bxe5} 36. Qb3 Bc6 37. Qc4 Bd5 $10
(37... Bxe4+ 38. Qxe4 Qd5 $10) 38. Bxd5 Qxd5+ 39. Qxd5 Rxd5 40. f4 Ra5 41. Bf2
gxf4 42. gxf4 Rxa3 43. Ne2 Ra2 44. Kf3 Kf7 $6 (44... Ra3+ 45. Kg2 Ra2 $10) 45.
Rc1 Ra3+ 46. Kg2 Ra7 47. Nc3 {/\Nb5} Bd8 48. Rd1 $14 Ra8 49. Rd7+ Kg6 50. Ne4
b5 51. Bc5 Ra2+ 52. Kf3 Nh4+ 53. Ke3 Nf5+ 54. Kf3 Bh4 55. Rb7 Rb2 56. Rb6 Rb3+
57. Ke2 Ng7 (57... Kf7 58. Nd6+ $14) 58. Bf8 Nh5 59. Rxe6+ Kf5 60. Rxh6 Nxf4+ (
60... Kxf4 61. Kd2 (61. Rxh5)) 61. Kd2 {Hansen,Cu} 1/2-1/2

[Event "Donner Memorial-A"]
[Site "Amsterdam"]
[Date "1994.??.??"]
[Round "3"]
[White "Adams, Michael"]
[Black "Lobron, Eric"]
[Result "1/2-1/2"]
[WhiteElo "2640"]
[BlackElo "2580"]
[Annotator "Hansen,Cu"]
[PlyCount "80"]
[EventDate "1994.08.??"]
[EventType "tourn"]
[EventRounds "9"]
[EventCountry "NED"]
[EventCategory "15"]
[SourceTitle "CBM 043"]
[Source "ChessBase"]
[SourceDate "1994.12.01"]
[SourceVersion "1"]
[SourceVersionDate "1994.12.01"]
[SourceQuality "1"]

1. e4 c5 2. c3 e6 3. d4 d5 4. e5 Nc6 5. Nf3 Qb6 6. Be2 Nh6 7. Bxh6 (7. Kf1 Bd7
8. Na3 cxd4 9. cxd4 Nf5 10. Nc2 h5 11. Bd3 Rc8 12. g3 $14 {Kupreichik,
V-Bagirov,V/USSR/1973/}) (7. dxc5 Bxc5 8. O-O Ng4 $17 {Schmidt,M-Kamp,C/2.BLW/
1990/}) (7. Na3 cxd4 8. Bxh6 gxh6 9. cxd4 Qxb2 10. Nb5 Qb4+ 11. Kf1 Qa5 $15 {
Kestler,H-Uhlmann,W/BL/1991/}) (7. O-O cxd4 8. cxd4 Nf5 $17 {Busto,J-Zlotnik,B/
Oviedo op/1992/}) 7... gxh6 (7... Qxb2 8. Bc1 Qxa1 9. Qc2 cxd4 10. O-O Bd7 11.
Nfd2 dxc3 12. Nb3 Nb4 13. Nxa1 Nxc2 14. Nxc2 b5 15. Ba3 a5 $17 {Payne-Plesse/
BRD/1973/}) 8. Qd2 Bg7 (8... cxd4 9. cxd4 Bd7 (9... Bg7 10. Nc3 O-O 11. O-O f6
12. Bb5 fxe5 13. Bxc6 exd4 14. Nxd5 exd5 15. Bxd5+ Kh8 16. Rfe1 $14 {Blaeser,
P-Prie,E/EU-chT Haifa/1989/}) 10. Nc3 Na5 11. O-O Rc8 12. Rac1 Nc4 13. Bxc4
Rxc4 14. Ne2 $14 {Kmoch,H-Muller,H/Wien/1928/}) 9. O-O O-O 10. Na3 cxd4 (10...
f6 11. exf6 Rxf6 12. dxc5 Qxc5 13. b4 Qf8 14. Nc2 $14 {Kuprejchik,V-Huzman,A/
Sverdlovsk/1987/}) 11. cxd4 f6 (11... a6 12. Nc2 f6 13. exf6 Rxf6 14. Ne3 Bd7
15. Ng4 Rg6 16. Nge5 Nxe5 17. Nxe5 Bxe5 18. dxe5 Rf8 $10 {Kleeschaetzky,
R-Flohr,M/Berlin Summer op/1993/}) 12. exf6 Rxf6 13. Nc2 Bd7 14. b4 (14. Ne3
Raf8 15. Ne5 (15. Rad1 Rf4 16. Nc2 Be8 $15 {Rohde,M-Oll,L/New York GP Qual/
1994/}) 15... Be8 $15 {Regenfelder,E-Dueckstein,A/Wien op/1990/}) 14... Raf8 (
14... Rff8 15. a4 a6 (15... Qd8 16. Ra3 Be8 17. b5 Na5 18. Ne5 $14 {Lein,
A-Ehlvest,J/New York op/1989/}) 16. Ra3 Be8 17. Re3 Ne7 $13 {Antonio,R-Lputian,
S/Shenzhen/1992/}) (14... a6 15. a4 Rxf3 16. Bxf3 Nxd4 17. Nxd4 Qxd4 18. Qxd4
Bxd4 19. Ra3 $14 {Adamson,R-Levitt,J/New York op/1994/}) 15. b5 Ne7 16. Ne5 Be8
17. a4 (17. g3 h5 (17... Nf5 18. f4 h5 19. a4 Kh8 20. Kh1 $13 {Benjamin,
J-Watson,J/Las Vegas op/1993/}) 18. a4 $10 {Kupreichik,V-Lautier,J/Belgrade
GMA-op/1988/}) 17... Ng6 (17... h5 18. Ra3 Ng6 19. Bxh5 Nxe5 20. dxe5 Rf5 21.
Bxe8 Rxe8 22. a5 Qc7 23. f4 $16 {Kupreichik,V-Giemsa,S/Badenweiler op/1990/}) (
17... Nf5 18. Rae1 Kh8 19. f4 Qd8 20. Ne3 $14 {Kosten,A-Brunner,L/Altensteig/
1989/}) 18. Ng4 (18. a5 Qc7 $15) 18... R6f7 (18... Rf4 19. g3 $14) 19. Nxh6+
Bxh6 20. Qxh6 Nf4 21. Bf3 Rg7 {/\Bg6, קd4 - /\Qd8, Rg6 ףh6} 22. g3 Qd8 (22...
Bg6 $5 23. Ra2 (23. Ne1 Qxd4 24. Rd1 Qxa4 $17) 23... Bxc2 24. Rxc2 Qxd4 25. Rd1
(25. Kh1 $2 Qd3) 25... Qxa4 26. Rcd2 Rg6 27. Qh4 Ne2+ $17) 23. Kh1 Rg6 24. Qh4
Qxh4 25. gxh4 Nd3 $17 26. Bg2 Nxf2+ 27. Kg1 Nh3+ 28. Kh1 Nf2+ 29. Kg1 Nh3+ 30.
Kh1 Nf4 31. Bf3 Rh6 32. Ne3 Rxh4 33. Rac1 {/\Rc7} Bg6 34. Rc7 Rh3 {/\ 35...Rf3
36.Rf3 Be4 -+} (34... Bd3 35. Rf2 $8 (35. Re1 Rh3 36. Bg4 Be4+ 37. Kg1 h5 38.
Bd1 Rh4 $19 {/\Nh3#}) 35... Nh3 36. Rg2+ Bg6 37. Bg4 $15) (34... Nd3 $5 35.
Nxd5 (35. Rxb7 Rxf3 (35... Rh3 36. Nxd5 Rfxf3 37. Ne7+ Kf7 38. Nxg6+ Kxg6 39.
Rg1+ Kh6 40. Rxa7 Nf4 $19) 36. Rxf3 Be4 37. Rbf7 (37. Rxa7 Bxf3+ 38. Kg1 Re4
$19) 37... Rf4 $19) 35... Be4 36. Ne7+ Kh8 37. Rc8 Rxc8 38. Nxc8 Rf4 39. Bxe4
Rxf1+ 40. Kg2 $15) 35. Ng4 $8 (35. Kg1 Nd3 $19) 35... Rxf3 $2 (35... Bd3 36.
Rf2) (35... Nd3 $2 36. Bg2 Rxf1+ 37. Bxf1 $13) 36. Rxf3 Be4 37. Nh6+ (37. Ne5
Ng6 $19) 37... Kh8 38. Nf7+ Kg8 39. Nh6+ Kh8 40. Nf7+ Kg8 (40... Rxf7 41. Rxf7
Bxf3+ 42. Kg1 Ne2+ 43. Kf2 Nxd4 44. Rxb7 $16) 1/2-1/2

[Event "Moscow B"]
[Site "Moscow"]
[Date "1994.??.??"]
[Round "7"]
[White "Vlassov, Nikolai"]
[Black "Seferjan, Narek"]
[Result "1-0"]
[WhiteElo "2390"]
[BlackElo "2350"]
[Annotator "Hansen,Cu"]
[PlyCount "77"]
[EventDate "1994.??.??"]
[EventType "tourn"]
[EventRounds "11"]
[EventCountry "RUS"]
[EventCategory "7"]
[SourceTitle "CBM 041"]
[Source "ChessBase"]
[SourceDate "1994.08.01"]
[SourceVersion "1"]
[SourceVersionDate "1994.08.01"]
[SourceQuality "1"]

1. e4 e6 2. d4 d5 3. e5 c5 4. c3 Qb6 5. Nf3 Bd7 6. a3 Bb5 7. c4 dxc4 (7... Bxc4
8. Bxc4 dxc4 9. d5 (9. Nbd2 Qa6 10. Qe2 cxd4 11. Nxd4 Bc5 12. N4f3 c3 13. Ne4
Qxe2+ 14. Kxe2 cxb2 15. Bxb2 Na6 16. Rhd1 $44 {Svesnikov,E-Ehlvest,J/Leningrad/
1984/}) 9... exd5 (9... Ne7 10. dxe6 Qxe6 11. O-O h6 12. Nc3 a6 13. Re1 Qd7 $13
{Kamber,B-Trichkov,V/Praha/1991/}) 10. Qxd5 Ne7 11. Qxc4 Nd7 12. Nc3 Qc6 13.
O-O Nb6 14. Qe2 $14 {Langner,L-Kucera,P/Litomerice/1990/}) 8. d5 (8. Nc3 Nc6 (
8... Nd7 9. d5 O-O-O 10. Qc2 exd5 11. Nxd5 Qg6 12. Qxg6 hxg6 13. Bf4 $13 {
Backwinkel,P-Behrens,H/BL/1985/}) 9. d5 O-O-O 10. Qc2 exd5 $17 {Weidemann,
J-Gerstner,W/BL/1992/}) 8... exd5 9. Qxd5 Qc6 $6 (9... Ne7 10. Qe4 (10. Qd1
Nbc6 11. Nc3 Rd8 12. Bd2 Nd4 $15 {Pyhala,A-Sjodahl,P/Stockholm open/1990/})
10... Qc6 11. Nc3 (11. Qc2 Qg6 12. Qe2 Nbc6 13. Nc3 Ba6 14. Be3 Nf5 {Kharlov,
A-Svistunov,K/Pinsk/1993/}) 11... Qxe4+ 12. Nxe4 Ng6 13. Be3 Bc6 14. Nd6+ Bxd6
15. exd6 b5 16. Bxc5 Nd7 17. Be3 Bxf3 18. gxf3 a5 {0,5/Villarreal,H-Schweber,S/
Buenos Aires/1991/}) 10. Bxc4 Bxc4 11. Qxc4 $14 {>< Ng8} b5 12. Qe2 Ne7 13. Nc3
a6 14. O-O Nf5 $6 15. Ne4 {/\Nd6+} Be7 16. g4 $1 $16 Qg6 (16... Nd4 17. Nxd4
cxd4 18. Nd6+ $16) 17. Bg5 Nd4 (17... Bxg5 18. gxf5 $18) 18. Nxd4 Bxg5 19. Nd6+
Kf8 20. N4f5 (20. Qf3 $1 Ra7 21. Nc6 Nxc6 22. Qxc6 Qe6 23. f4 $16) 20... h5 21.
f4 Be7 22. g5 Bxd6 23. Nxd6 {/\h2-h4 + f4-f5} h4 24. Qg2 Ra7 25. f5 Qh5 26. g6
h3 27. Qg3 Nc6 28. Nxf7 $18 Rxf7 29. gxf7 Nd4 30. Rae1 Ne2+ 31. Rxe2 Qxe2 32.
e6 Qd2 33. Qf3 Qxb2 34. Rd1 Ke7 35. Qg3 {/\Qg5+} Qg2+ 36. Qxg2 hxg2 37. Rd7+
Kf6 38. Ra7 c4 39. e7 (39. e7 Kxf7 40. e8=Q+ Kxe8 41. Ra8+ $18) 1-0